000 00379nam a2200121Ia 4500
008 240731s9999 xx 000 0 und d
022 _a1742-6545
245 0 _aJournal of Sexual Aggression : An international, interdisciplinary forum for research, theory and practice
260 _bRoutledge
856 _uhttps://www.tandfonline.com/loi/tjsa20
942 _2ddc
942 _cTFEJ
999 _c78155
_d78155
945 _a1
_bMadushi Gamage
_c1
_dMadushi Gamage